Computer Architecture and Organization (Record no. 83318)

MARC details
000 -LEADER
fixed length control field 00409nam a22001577a 4500
003 - CONTROL NUMBER IDENTIFIER
control field URS
005 - DATE AND TIME OF LATEST TRANSACTION
control field 20250701142700.0
040 ## - CATALOGING SOURCE
Transcribing agency URS
050 ## - LIBRARY OF CONGRESS CALL NUMBER
Classification number QA769 C6
Item number A45 2014
100 ## - MAIN ENTRY--PERSONAL NAME
Personal name Alexander, Tom
Dates associated with a name 2014
Relator term Author
245 ## - TITLE STATEMENT
Title Computer Architecture and Organization
264 ## - PRODUCTION, PUBLICATION, DISTRIBUTION, MANUFACTURE, AND COPYRIGHT NOTICE
Place of production, publication, distribution, manufacture Ganj:
Name of producer, publisher, distributor, manufacturer Crescent Publishing Corp.,
Date of production, publication, distribution, manufacture, or copyright notice [2014]
300 ## - PHYSICAL DESCRIPTION
Extent v, 274 pages
700 ## - ADDED ENTRY--PERSONAL NAME
Personal name Mathews, Joe
Dates associated with a name 2014
Relator term Author
942 ## - ADDED ENTRY ELEMENTS (KOHA)
Source of classification or shelving scheme Library of Congress Classification
Koha item type Foreign Books
Holdings
Withdrawn status Source of classification or shelving scheme Damaged status Not for loan Home library Current library Date acquired Total Checkouts Full call number Barcode Date last seen Price effective from Koha item type
  Library of Congress Classification     Binangonan College Library Binangonan College Library 07/01/2025   QA769 C6 A45 2014 URSBIN-03116 07/01/2025 07/01/2025 Foreign Books

University of Rizal System
Email us at univlibservices@urs.edu.ph

Visit our Website www.urs.edu.ph/library